000 00698nam a2200229 a 4500
005 20191224041540.0
008 140221b1998 ck ||||| |||| 00| 0 spa d
040 _aCO-BoIAVH
_cCO-BoIAVH
041 0 _aspa
044 _ack
090 _aFG-
_b0125
100 1 _aMuelas Hurtado, Lorenzo
_eautor
245 1 0 _aAcceso a los recursos de la biodiversidad y los pueblos indígenas /
260 _aBogotá (Colombia) :
_b[s.e.]
_c1998
300 _a16 páginas ;
_c24 x 17 cm.
650 2 6 _aBiodiversidad
650 2 4 _aComunidades indígenas
650 2 4 _aUso de biodiversidad
650 2 4 _aAcceso a recursos genéticos
662 _aColombia
942 _cFolleto
_2z
999 _c726
_d726